000 00681cam a2200217 4500
001 B839
008 090401t1925 xxu||||| |||| 00| 0 eng d
035 _a(Sirsi) u38232
041 _aeng
050 _a333.332
110 _aCollege of Estate Management
_9400
245 _aValuations in connection with the compulsory acquisition of land for arterial roads and street widenings
260 _aLondon
_bCollege of Estate Management
_c1925
300 _a32p. ; 22cm.
350 _a0
650 _aCompulsory purchase
_96228
650 _aPROPERTY-INFRASTRUCTURE-TRANSPORT INFRASTRUCTURE-ROAD INFRASTRUCTURE
650 _aValuation
_96273
942 _n0
948 _c04/03/1997
999 _c90628
_d90628